000 00709nam a22002537a 4500
005 20150515071912.0
008 150515b xxu||||| |||| 00| 0 eng d
020 _a9780073384047
020 _a0073384046
020 _a9780077397302
020 _a0077397304
080 _a82.085
100 1 _aMaimon, Elaine P.
240 1 0 _aNew McGraw-Hill handbook
245 1 4 _aThe McGraw-Hill handbook /
_cElaine Maimon, Janice Peritz, Kathleen Yancey.
250 _a3rd ed.
260 _aNew York :
_bMcGraw-Hill,
_c2011.
300 _a897 f. :
_bme il.;
_c23 cm.
650 0 _aRetorik
650 0 _aShkrim Akademik
700 1 _aPeritz, Janice.
700 1 _aYancey, Kathleen Blake,
_d1950-
942 _2udc
_cBK
999 _c776
_d776